Rzeszów - prawda czy fałsz? - Statystyki

Ogólne statystyki
  • Ten quiz został rozwiązany 199 razy
  • Średni wynik to 10 z 15
Statystyki odpowiedzi
Zagadnienie Odpowiedź % Poprawnych
Rzeszów jest stolicą województwa podkarpackiego Prawda
100%
W Rzeszowie znajduje się politechnika Prawda
100%
Stal Rzeszów wygrał dwukrotnie żużlowe Drużynowe Mistrzostwa Polski Prawda
83%
Asseco Resovia dwukrotnie grała w finale siatkarskiej Ligi Mistrzów Prawda
75%
W Rzeszowie znajduje się park krajobrazowy bądź narodowy Fałsz
73%
Port lotniczy im. Rodziny Ulmów znajduje się w Rzeszowie Fałsz
73%
Tylko jeden (Stal Rzeszów), z dwóch najlepszych klubów w Rzeszowie (Resovia, Stal Rzeszów) grał kiedykolwiek w piłkarskiej Ekstraklasie Prawda
73%
Dworzec kolejowy Rzeszów Główny został zniszczony dwa razy Prawda
69%
Rzeszów nie leży w Kotlinie Sandomierskiej Fałsz
50%
Rzeszów leży na wysokości nie większej niż 400 m.n.p.m. Prawda
50%
30.12.2023r., Rzeszów zamieszkiwało więcej niż 200 tysięcy ludzi Fałsz
48%
Południowa część miasta znajduje się na zapadlisku przedkarpackim (jednostka tektoniczna) Fałsz
46%
Rzeszów jest w top 5 Polski pod względem największego stężenia powietrza Prawda
44%
Zamek w Rzeszowie został zniszczony w 1902r. Prawda
40%
Rzeszów otrzymał prawa miejskie w pierwszej połowie XIVw. Fałsz
27%
Nie znaleziono quizów pasujących do podanych kryteriów
Rozkład punktacji
Procent ludzi z każdym wynikiem
Percentyl według liczby udzielonych odpowiedzi
Twoja historia wyników
Nie rozwiązałeś tego quizu